=LDR 00000nam 2200000 4500 =001 INLIS000000000027883 =005 20130612130227 =008 ***********************************Ind** =035 ##$$a0010-061300000027883 =041 ##$$a Ind =082 ##$$a 610.73 =090 ##$$a 610.73, Nur a =100 ##$$a Nursalam =245 ##$$a Asuhan keperawatan pada pasien terinfeksi HIV/AIDS, Nursalam, Nunuk Dian kurniawati =260 ##$$a 2007 $b Jakarta =300 ##$$a ix,177 hlm, 23 cm =650 ##$$a perawat dan keperawatan =700 ##$$a Kurniawati, nunuk dian =850 ##$$a NBPNMAT =990 ##$$a 0001/BPAP-NTB/20142014